[Event "EYCC Open-U16 2019"]
[Site "Bratislava"]
[Date "2019.08.09"]
[Round "8.38"]
[White "Redzisz, Michal"]
[Black "Carlsson, Ludvig"]
[Result "1-0"]
[WhiteElo "2054"]
[BlackElo "2218"]
[Annotator "NA"]
[PlyCount "101"]
[EventDate "2019.08.02"]
[EventType "swiss"]
[EventCountry "SVK"]
[SourceTitle "playchess.com"]
[Source "ChessBase"]
[SourceQuality "1"]
[TimeControl "40/5400+30:1800+30"]

1. d4 {[%emt 0:00:00]} Nf6 {[%emt 0:01:00]} 2. Nf3 {[%emt 0:00:00]} d5 {[%emt 0:00:34]} 3. g3 {[%emt 0:00:00]} c5 {[%emt 0:00:36]} 4. Bg2 {[%emt 0:03:09]} cxd4 {[%emt 0:00:40]} 5. Nxd4 {[%emt 0:00:08]} e5 {[%emt 0:00:10]} 6. Nb3 {[%emt 0:00:33]} Be6 {[%emt 0:00:31]} 7. O-O {[%emt 0:02:03]} Be7 {[%emt 0:01:44]} 8. Bg5 {[%emt 0:15:18]} Nbd7 {[%emt 0:00:16]} 9. Qd3 {[%emt 0:07:09]} h6 {[%emt 0:03:35]} 10. Bxf6 {[%emt 0:00:01]} Nxf6 {[%emt 0:00:10]} 11. Rd1 {[%emt 0:08:59]} Qd7 {[%emt 0:04:03]} 12. Nc3 {[%emt 0:04:10]} Rd8 {[%emt 0:00:17]} 13. Qe3 {[%emt 0:05:51]} d4 {[%emt 0:03:32]} 14. Qxe5 {[%emt 0:02:06]} dxc3 {[%emt 0:00:06]} 15. Rxd7 {[%emt 0:00:35]} Rxd7 {[%emt 0:00:08]} 16. Qxc3 {[%emt 0:01:17]} O-O {[%emt 0:00:09]} 17. e3 {[%emt 0:03:03]} Nd5 {[%emt 0:01:50]} 18. Bxd5 {[%emt 0:05:18]} Rxd5 {[%emt 0:01:21]} 19. Nd4 {[%emt 0:01:14]} Rc8 {[%emt 0:00:07]} 20. Qd2 {[%emt 0:00:40]} h5 {[%emt 0:02:24]} 21. Qe2 {[%emt 0:11:10]} Bg4 {[%emt 0:01:20]} 22. f3 {[%emt 0:00:30]} Bh3 {[%emt 0:00:12]} 23. c3 {[%emt 0:01:36]} Bc5 {[%emt 0:00:50]} 24. Rd1 {[%emt 0:02:27]} Re8 {[%emt 0:01:32]} 25. e4 {[%emt 0:01:59]} Rde5 {[%emt 0:00:18]} 26. Kf2 {[%emt 0:10:30]} b5 {[%emt 0:01:40]} 27. Ke3 {[%emt 0:05:59]} f5 {[%emt 0:02:44]} 28. Kd3 {[%emt 0:02:45]} fxe4+ {[%emt 0:01:33]} 29. fxe4 {[%emt 0:00:50]} Bg4 {[%emt 0:04:26]} 30. Qd2 {[%emt 0:00:58]} Bxd1 {[%emt 0:00:41]} 31. Qxd1 {[%emt 0:00:02]} Rxe4 {[%emt 0:01:36]} 32. Qxh5 {[%emt 0:00:47]} R8e5 {[%emt 0:00:19]} 33. Qf3 {[%emt 0:01:47]} Re1 {[%emt 0:00:24]} 34. a3 {[%emt 0:02:34]} Kh7 {[%emt 0:13:47]} 35. h4 {[%emt 0:00:58]} a5 {[%emt 0:03:14]} 36. b4 {[%emt 0:00:51]} Bxd4 {[%emt 0:01:17]} 37. cxd4 {[%emt 0:00:12]} Ra1 {[%emt 0:00:05]} 38. Kc2 {[%emt 0:00:55]} Ra2+ {[%emt 0:03:28]} 39. Kb1 {[%emt 0:00:20]} Ree2 {[%emt 0:00:32]} 40. Qh5+ {[%emt 0:00:00]} Kg8 {[%emt 0:00:00]} 41. Qd5+ {[%emt 0:00:48]} Kh7 {[%emt 0:00:12]} 42. Qxa2 {[%emt 0:00:48]} Re1+ {[%emt 0:00:06]} 43. Kb2 {[%emt 0:00:04]} Re2+ {[%emt 0:00:03]} 44. Ka1 {[%emt 0:00:02]} Rxa2+ {[%emt 0:00:34]} 45. Kxa2 {[%emt 0:00:01]} a4 {[%emt 0:00:48]} 46. Kb2 {[%emt 0:00:11]} Kg6 {[%emt 0:01:39]} 47. g4 {[%emt 0:01:03]} Kf6 {[%emt 0:00:08]} 48. Kc3 {[%emt 0:00:02]} Ke6 {[%emt 0:00:16]} 49. Kd3 {[%emt 0:00:05]} Kd5 {[%emt 0:00:18]} 50. h5 {[%emt 0:00:03]} Ke6 {[%emt 0:00:06]} 51. Ke4 {[%emt 0:00:02]} 1-0

[Event "EYCC Open-U16 2019"]
[Site "Bratislava"]
[Date "2019.08.09"]
[Round "8.39"]
[White "Bin-Suhayl, Ieysaa"]
[Black "Dabic, Stjepan"]
[Result "1/2-1/2"]
[WhiteElo "2084"]
[BlackElo "2102"]
[Annotator "NA"]
[PlyCount "60"]
[EventDate "2019.08.02"]
[EventType "swiss"]
[EventCountry "SVK"]
[SourceTitle "playchess.com"]
[Source "ChessBase"]
[SourceQuality "1"]
[TimeControl "40/5400+30:1800+30"]

1. d4 {[%emt 0:00:00]} Nf6 {[%emt 0:00:00]} 2. c4 {[%emt 0:00:00]} g6 {[%emt 0:00:05]} 3. Nc3 {[%emt 0:00:00]} Bg7 {[%emt 0:00:13]} 4. e4 {[%emt 0:00:00]} d6 {[%emt 0:00:11]} 5. f3 {[%emt 0:00:00]} O-O {[%emt 0:00:26]} 6. Be3 {[%emt 0:00:00]} e5 {[%emt 0:00:20]} 7. Nge2 {[%emt 0:00:02]} Nbd7 {[%emt 0:00:24]} 8. Qd2 {[%emt 0:00:33]} a6 {[%emt 0:00:28]} 9. d5 {[%emt 0:01:52]} h5 {[%emt 0:00:09]} 10. Nc1 {[%emt 0:01:32]} Nh7 {[%emt 0:00:17]} 11. Be2 {[%emt 0:02:27]} f5 {[%emt 0:01:02]} 12. exf5 {[%emt 0:01:14]} gxf5 {[%emt 0:00:08]} 13. O-O {[%emt 0:00:15]} Ndf6 {[%emt 0:07:21]} 14. c5 {[%emt 0:02:06]} Bd7 {[%emt 0:11:01]} 15. Nb3 {[%emt 0:04:10]} f4 {[%emt 0:01:04]} 16. Bf2 {[%emt 0:00:08]} Qe8 {[%emt 0:01:26]} 17. Na5 {[%emt 0:01:08]} Rb8 {[%emt 0:05:43]} 18. cxd6 {[%emt 0:09:45]} cxd6 {[%emt 0:00:07]} 19. Bb6 {[%emt 0:00:11]} Qe7 {[%emt 0:01:46]} 20. Rac1 {[%emt 0:02:37]} h4 {[%emt 0:02:17]} 21. Ba7 {[%emt 0:02:27]} Ra8 {[%emt 0:03:37]} 22. Bf2 {[%emt 0:00:11]} h3 {[%emt 0:00:09]} 23. g3 {[%emt 0:05:08]} fxg3 {[%emt 0:12:31]} 24. hxg3 {[%emt 0:00:04]} e4 {[%emt 0:00:11]} 25. Nxb7 {[%emt 0:10:07]} exf3 {[%emt 0:02:23]} 26. Bxf3 {[%emt 0:02:09]} Bg4 {[%emt 0:00:53]} 27. Qe2 {[%emt 0:11:31]} Bxf3 {[%emt 0:08:28]} 28. Qxe7 {[%emt 0:00:58]} Ng5 {[%emt 0:00:14]} 29. Qxf6 {[%emt 0:08:56]} h2+ {[%emt 0:00:45]} 30. Kxh2 {[%emt 0:00:13]} Rxf6 {[%emt 0:00:44]} 1/2-1/2

[Event "EYCC Open-U16 2019"]
[Site "Bratislava"]
[Date "2019.08.09"]
[Round "8.40"]
[White "Novotny, Martin"]
[Black "Acimovic, Sergej"]
[Result "1-0"]
[WhiteElo "2178"]
[BlackElo "2016"]
[Annotator "NA"]
[PlyCount "59"]
[EventDate "2019.08.02"]
[EventType "swiss"]
[EventCountry "SVK"]
[SourceTitle "playchess.com"]
[Source "ChessBase"]
[SourceQuality "1"]
[TimeControl "40/5400+30:1800+30"]

1. d4 {[%emt 0:00:00]} Nf6 {[%emt 0:00:00]} 2. c4 {[%emt 0:00:00]} g6 {[%emt 0:00:07]} 3. Nc3 {[%emt 0:00:00]} Bg7 {[%emt 0:00:17]} 4. e4 {[%emt 0:00:09]} d6 {[%emt 0:00:17]} 5. Nf3 {[%emt 0:00:14]} O-O {[%emt 0:00:34]} 6. Be2 {[%emt 0:00:12]} e5 {[%emt 0:00:19]} 7. d5 {[%emt 0:01:36]} a5 {[%emt 0:01:15]} 8. Bg5 {[%emt 0:00:53]} Na6 {[%emt 0:01:33]} 9. Nd2 {[%emt 0:02:38]} h6 {[%emt 0:06:38]} 10. Be3 {[%emt 0:01:22]} Nc5 {[%emt 0:02:21]} 11. g4 {[%emt 0:17:55]} Ne8 {[%emt 0:11:11]} 12. h4 {[%emt 0:07:33]} f5 {[%emt 0:04:31]} 13. h5 {[%emt 0:03:35]} f4 {[%emt 0:09:50]} 14. Bxc5 {[%emt 0:00:14]} dxc5 {[%emt 0:00:06]} 15. hxg6 {[%emt 0:05:35]} Nd6 {[%emt 0:12:14]} 16. Qc2 {[%emt 0:06:02]} Rf6 {[%emt 0:04:06]} 17. O-O-O {[%emt 0:20:05]} Rxg6 {[%emt 0:03:06]} 18. Rdg1 {[%emt 0:01:50]} Bd7 {[%emt 0:04:47]} 19. Nf3 {[%emt 0:06:39]} Bf6 {[%emt 0:10:47]} 20. g5 {[%emt 0:05:46]} hxg5 {[%emt 0:01:04]} 21. Nh4 {[%emt 0:00:18]} Rg7 {[%emt 0:02:29]} 22. Nf5 {[%emt 0:00:13]} Bxf5 {[%emt 0:00:23]} 23. exf5 {[%emt 0:00:07]} Qd7 {[%emt 0:05:31]} 24. Rh6 {[%emt 0:03:11]} Kf7 {[%emt 0:03:29]} 25. Ne4 {[%emt 0:02:53]} Nxe4 {[%emt 0:00:28]} 26. Qxe4 {[%emt 0:00:05]} Rf8 {[%emt 0:02:39]} 27. Rgh1 {[%emt 0:02:51]} Ke8 {[%emt 0:02:31]} 28. Bg4 {[%emt 0:08:23]} Kd8 {[%emt 0:01:07]} 29. Rxf6 {[%emt 0:01:04]} Rxf6 {[%emt 0:01:16]} 30. Rh8+ {[%emt 0:00:05]} 1-0

[Event "EYCC Open-U16 2019"]
[Site "Bratislava"]
[Date "2019.08.09"]
[Round "8.41"]
[White "Zetocha, Adrian"]
[Black "Karadzhov, Ivan"]
[Result "0-1"]
[WhiteElo "2193"]
[BlackElo "2023"]
[Annotator "NA"]
[PlyCount "110"]
[EventDate "2019.08.02"]
[EventType "swiss"]
[EventCountry "SVK"]
[SourceTitle "playchess.com"]
[Source "ChessBase"]
[SourceQuality "1"]
[TimeControl "40/5400+30:1800+30"]

1. d4 {[%emt 0:00:00]} d5 {[%emt 0:00:03]} 2. c4 {[%emt 0:00:00]} c6 {[%emt 0:00:17]} 3. e3 {[%emt 0:00:13]} Nf6 {[%emt 0:00:42]} 4. Nc3 {[%emt 0:00:19]} e6 {[%emt 0:02:02]} 5. Nf3 {[%emt 0:00:57]} Bd6 {[%emt 0:00:23]} 6. Qc2 {[%emt 0:00:39]} O-O {[%emt 0:01:09]} 7. Bd3 {[%emt 0:00:28]} Nbd7 {[%emt 0:08:26]} 8. O-O {[%emt 0:01:22]} dxc4 {[%emt 0:01:21]} 9. Bxc4 {[%emt 0:00:16]} e5 {[%emt 0:00:56]} 10. Rd1 {[%emt 0:06:04]} Qe7 {[%emt 0:03:11]} 11. e4 {[%emt 0:06:44]} exd4 {[%emt 0:04:28]} 12. Nxd4 {[%emt 0:00:19]} Ne5 {[%emt 0:06:48]} 13. Be2 {[%emt 0:02:12]} Ng6 {[%emt 0:01:52]} 14. Nf5 {[%emt 0:07:15]} Bxf5 {[%emt 0:01:30]} 15. exf5 {[%emt 0:00:11]} Nf4 {[%emt 0:02:24]} 16. Bf3 {[%emt 0:02:31]} N4d5 {[%emt 0:16:51]} 17. g3 {[%emt 0:18:23]} Nxc3 {[%emt 0:03:52]} 18. bxc3 {[%emt 0:01:11]} Rfe8 {[%emt 0:07:25]} 19. Rb1 {[%emt 0:00:58]} Bc5 {[%emt 0:14:24]} 20. Bg5 {[%emt 0:22:16]} Bb6 {[%emt 0:04:02]} 21. Rb4 {[%emt 0:01:37]} Rad8 {[%emt 0:05:55]} 22. Rdb1 {[%emt 0:04:48]} Qc5 {[%emt 0:03:18]} 23. Kg2 {[%emt 0:04:31]} h6 {[%emt 0:03:06]} 24. Bxf6 {[%emt 0:00:54]} gxf6 {[%emt 0:00:07]} 25. Rh4 {[%emt 0:00:29]} Kh7 {[%emt 0:00:57]} 26. Rbb4 {[%emt 0:01:09]} Rg8 {[%emt 0:01:41]} 27. Rbc4 {[%emt 0:03:57]} Qd6 {[%emt 0:00:24]} 28. Bh5 {[%emt 0:03:50]} Rgf8 {[%emt 0:03:23]} 29. Rcf4 {[%emt 0:04:31]} Qd2 {[%emt 0:01:15]} 30. Qa4 {[%emt 0:00:20]} Qxc3 {[%emt 0:01:52]} 31. Qe4 {[%emt 0:04:10]} Qe5 {[%emt 0:00:14]} 32. Qf3 {[%emt 0:00:12]} Rd2 {[%emt 0:00:35]} 33. Qb3 {[%emt 0:02:26]} Qd5+ {[%emt 0:00:11]} 34. Qxd5 {[%emt 0:00:13]} cxd5 {[%emt 0:00:07]} 35. a3 {[%emt 0:01:28]} Rc8 {[%emt 0:01:06]} 36. Bxf7 {[%emt 0:00:25]} Kg7 {[%emt 0:00:17]} 37. Be6 {[%emt 0:00:16]} Rcc2 {[%emt 0:00:05]} 38. Rhg4+ {[%emt 0:00:11]} Kf8 {[%emt 0:00:10]} 39. Rg6 {[%emt 0:00:58]} Rxf2+ {[%emt 0:00:13]} 40. Rxf2 {[%emt 0:00:00]} Rxf2+ {[%emt 0:00:00]} 41. Kh3 {[%emt 0:04:32]} d4 {[%emt 0:11:47]} 42. Rxf6+ {[%emt 0:02:22]} Ke7 {[%emt 0:00:50]} 43. Rxh6 {[%emt 0:01:06]} d3 {[%emt 0:00:56]} 44. Rh7+ {[%emt 0:00:31]} Kf6 {[%emt 0:00:10]} 45. Rd7 {[%emt 0:00:25]} d2 {[%emt 0:00:46]} 46. g4 {[%emt 0:02:01]} Bc7 {[%emt 0:00:57]} 47. g5+ {[%emt 0:04:23]} Kxg5 {[%emt 0:00:38]} 48. Rg7+ {[%emt 0:00:28]} Kf6 {[%emt 0:04:09]} 49. Rd7 {[%emt 0:00:13]} Rxh2+ {[%emt 0:01:14]} 50. Kg4 {[%emt 0:00:14]} Ke5 {[%emt 0:05:09]} 51. Rd5+ {[%emt 0:01:21]} Kf6 {[%emt 0:03:17]} 52. Kf3 {[%emt 0:01:04]} Rh3+ {[%emt 0:01:14]} 53. Ke2 {[%emt 0:00:12]} Bf4 {[%emt 0:00:19]} 54. a4 {[%emt 0:01:36]} Re3+ {[%emt 0:00:23]} 55. Kd1 {[%emt 0:00:31]} Re1+ {[%emt 0:00:09]} 0-1

[Event "EYCC Open-U16 2019"]
[Site "Bratislava"]
[Date "2019.08.09"]
[Round "8.42"]
[White "Darmogray, Makar"]
[Black "Mica, Marek"]
[Result "1/2-1/2"]
[WhiteElo "2004"]
[BlackElo "2222"]
[Annotator "NA"]
[PlyCount "180"]
[EventDate "2019.08.02"]
[EventType "swiss"]
[EventCountry "SVK"]
[SourceTitle "playchess.com"]
[Source "ChessBase"]
[SourceQuality "1"]
[TimeControl "40/5400+30:1800+30"]

1. e4 {[%emt 0:00:00]} e6 {[%emt 0:00:00]} 2. d4 {[%emt 0:00:00]} d5 {[%emt 0:00:00]} 3. Nc3 {[%emt 0:00:23]} Bb4 {[%emt 0:00:00]} 4. e5 {[%emt 0:00:26]} c5 {[%emt 0:00:23]} 5. a3 {[%emt 0:00:16]} Bxc3+ {[%emt 0:00:07]} 6. bxc3 {[%emt 0:00:02]} Qc7 {[%emt 0:00:12]} 7. Qd2 {[%emt 0:04:05]} Ne7 {[%emt 0:01:02]} 8. f4 {[%emt 0:06:09]} b6 {[%emt 0:02:44]} 9. Nf3 {[%emt 0:05:10]} Ba6 {[%emt 0:03:04]} 10. Bd3 {[%emt 0:13:13]} Bxd3 {[%emt 0:00:24]} 11. cxd3 {[%emt 0:00:29]} c4 {[%emt 0:04:52]} 12. O-O {[%emt 0:04:47]} cxd3 {[%emt 0:06:45]} 13. Qxd3 {[%emt 0:00:33]} Nbc6 {[%emt 0:00:34]} 14. a4 {[%emt 0:14:47]} Na5 {[%emt 0:04:15]} 15. Nd2 {[%emt 0:04:02]} Rc8 {[%emt 0:03:13]} 16. Rf3 {[%emt 0:02:39]} Qd7 {[%emt 0:02:27]} 17. g4 {[%emt 0:03:29]} g6 {[%emt 0:03:58]} 18. Rh3 {[%emt 0:08:49]} Nc4 {[%emt 0:04:09]} 19. Nf3 {[%emt 0:06:20]} Kf8 {[%emt 0:02:31]} 20. Ng5 {[%emt 0:05:18]} Kg7 {[%emt 0:04:57]} 21. Ra2 {[%emt 0:01:56]} h6 {[%emt 0:03:01]} 22. Nf3 {[%emt 0:00:23]} Rh7 {[%emt 0:00:55]} 23. Nh4 {[%emt 0:02:22]} h5 {[%emt 0:02:22]} 24. Ng2 {[%emt 0:05:08]} hxg4 {[%emt 0:07:14]} 25. Rxh7+ {[%emt 0:00:06]} Kxh7 {[%emt 0:00:07]} 26. Qg3 {[%emt 0:00:17]} Nf5 {[%emt 0:01:18]} 27. Qxg4 {[%emt 0:00:17]} Kg7 {[%emt 0:01:10]} 28. Nh4 {[%emt 0:00:51]} Nxh4 {[%emt 0:01:04]} 29. Qxh4 {[%emt 0:00:07]} Qd8 {[%emt 0:00:36]} 30. Qg3 {[%emt 0:02:04]} Qh8 {[%emt 0:03:53]} 31. Qg4 {[%emt 0:01:25]} Na5 {[%emt 0:16:29]} 32. Bd2 {[%emt 0:00:47]} Qh5 {[%emt 0:03:51]} 33. Qxh5 {[%emt 0:02:43]} gxh5 {[%emt 0:00:06]} 34. Be1 {[%emt 0:01:35]} Rg8 {[%emt 0:03:44]} 35. Rg2+ {[%emt 0:04:00]} Kh7 {[%emt 0:02:37]} 36. Rxg8 {[%emt 0:00:05]} Kxg8 {[%emt 0:00:05]} 37. Bd2 {[%emt 0:00:08]} Kg7 {[%emt 0:00:42]} 38. Kf2 {[%emt 0:01:02]} Kg6 {[%emt 0:00:44]} 39. Kg3 {[%emt 0:01:15]} Nb3 {[%emt 0:05:51]} 40. Be3 {[%emt 0:00:00]} Na5 {[%emt 0:00:00]} 41. Bd2 {[%emt 0:07:13]} Nc6 {[%emt 0:04:11]} 42. Bc1 {[%emt 0:03:45]} Ne7 {[%emt 0:00:56]} 43. Ba3 {[%emt 0:08:20]} Nf5+ {[%emt 0:02:33]} 44. Kf3 {[%emt 0:00:12]} Kg7 {[%emt 0:00:09]} 45. Bd6 {[%emt 0:01:49]} Nh6 {[%emt 0:07:11]} 46. h3 {[%emt 0:04:27]} Nf5 {[%emt 0:00:53]} 47. Bb8 {[%emt 0:00:54]} a6 {[%emt 0:00:05]} 48. Bc7 {[%emt 0:00:17]} b5 {[%emt 0:00:04]} 49. axb5 {[%emt 0:00:05]} axb5 {[%emt 0:00:04]} 50. Bd6 {[%emt 0:01:12]} f6 {[%emt 0:01:09]} 51. Bc7 {[%emt 0:01:19]} fxe5 {[%emt 0:02:17]} 52. fxe5 {[%emt 0:02:07]} Ne7 {[%emt 0:00:13]} 53. Bd8 {[%emt 0:02:01]} Nc6 {[%emt 0:00:38]} 54. Bb6 {[%emt 0:03:17]} b4 {[%emt 0:00:12]} 55. cxb4 {[%emt 0:00:23]} Nxb4 {[%emt 0:00:05]} 56. Kf4 {[%emt 0:01:23]} Kg6 {[%emt 0:00:13]} 57. Ba5 {[%emt 0:01:11]} Nd3+ {[%emt 0:01:43]} 58. Ke3 {[%emt 0:00:02]} Nb2 {[%emt 0:01:21]} 59. Kf4 {[%emt 0:00:02]} Nd1 {[%emt 0:01:20]} 60. Be1 {[%emt 0:00:36]} Nb2 {[%emt 0:00:18]} 61. Bc3 {[%emt 0:00:26]} Nc4 {[%emt 0:01:06]} 62. Bb4 {[%emt 0:00:23]} Nb6 {[%emt 0:01:05]} 63. Bc5 {[%emt 0:00:17]} Na4 {[%emt 0:01:20]} 64. Bb4 {[%emt 0:00:37]} Nb2 {[%emt 0:00:07]} 65. Bc3 {[%emt 0:00:51]} Nd1 {[%emt 0:00:17]} 66. Be1 {[%emt 0:00:14]} Kh6 {[%emt 0:00:20]} 67. Bd2 {[%emt 0:00:38]} Nb2 {[%emt 0:02:05]} 68. Ba5 {[%emt 0:00:51]} Na4 {[%emt 0:01:23]} 69. Bb4 {[%emt 0:00:36]} Nb2 {[%emt 0:02:39]} 70. Bc5 {[%emt 0:00:12]} Kg6 {[%emt 0:01:16]} 71. Ba7 {[%emt 0:00:29]} Nd1 {[%emt 0:00:47]} 72. Bc5 {[%emt 0:01:14]} Nc3 {[%emt 0:01:09]} 73. Bb6 {[%emt 0:00:44]} Ne4 {[%emt 0:01:56]} 74. Ba7 {[%emt 0:00:43]} Kf7 {[%emt 0:00:55]} 75. Bb6 {[%emt 0:00:16]} Ke7 {[%emt 0:01:04]} 76. Ba5 {[%emt 0:00:37]} Kd7 {[%emt 0:00:49]} 77. h4 {[%emt 0:00:13]} Kc6 {[%emt 0:00:20]} 78. Bd8 {[%emt 0:00:15]} Kb5 {[%emt 0:00:23]} 79. Ke3 {[%emt 0:00:15]} Kc4 {[%emt 0:00:14]} 80. Bb6 {[%emt 0:00:46]} Kc3 {[%emt 0:00:35]} 81. Bc5 {[%emt 0:00:41]} Ng3 {[%emt 0:01:51]} 82. Kf4 {[%emt 0:00:10]} Ne4 {[%emt 0:01:41]} 83. Ke3 {[%emt 0:00:06]} Kc4 {[%emt 0:00:41]} 84. Bb6 {[%emt 0:00:13]} Kb3 {[%emt 0:01:54]} 85. Kd3 {[%emt 0:00:30]} Kb2 {[%emt 0:00:31]} 86. Ba5 {[%emt 0:00:42]} Ng3 {[%emt 0:01:58]} 87. Be1 {[%emt 0:01:32]} Nf5 {[%emt 0:01:09]} 88. Bf2 {[%emt 0:00:22]} Kb3 {[%emt 0:00:45]} 89. Be1 {[%emt 0:00:14]} Kb2 {[%emt 0:00:50]} 90. Bf2 {[%emt 0:00:26]} Kb3 {[%emt 0:05:33] Ke4} 1/2-1/2

[Event "EYCC Open-U16 2019"]
[Site "Bratislava"]
[Date "2019.08.09"]
[Round "8.43"]
[White "Vujovic, Savo"]
[Black "Pobor, Milo"]
[Result "1/2-1/2"]
[WhiteElo "2023"]
[BlackElo "2067"]
[Annotator "NA"]
[PlyCount "44"]
[EventDate "2019.08.02"]
[EventType "swiss"]
[EventCountry "SVK"]
[SourceTitle "playchess.com"]
[Source "ChessBase"]
[SourceQuality "1"]
[TimeControl "40/5400+30:1800+30"]

1. d4 {[%emt 0:00:00]} Nf6 {[%emt 0:00:00]} 2. c4 {[%emt 0:00:00]} e6 {[%emt 0:00:00]} 3. Nc3 {[%emt 0:00:11]} d5 {[%emt 0:00:37]} 4. Nf3 {[%emt 0:00:15]} Nbd7 {[%emt 0:00:25]} 5. Bg5 {[%emt 0:00:12]} Be7 {[%emt 0:00:05]} 6. e3 {[%emt 0:00:11]} h6 {[%emt 0:02:02]} 7. Bh4 {[%emt 0:00:20]} O-O {[%emt 0:01:07]} 8. Rc1 {[%emt 0:00:12]} dxc4 {[%emt 0:01:13]} 9. Bxc4 {[%emt 0:00:21]} a6 {[%emt 0:00:34]} 10. a4 {[%emt 0:00:18]} c5 {[%emt 0:00:41]} 11. O-O {[%emt 0:02:08]} cxd4 {[%emt 0:03:57]} 12. Nxd4 {[%emt 0:01:34]} Nb6 {[%emt 0:00:26]} 13. Be2 {[%emt 0:00:54]} Nbd5 {[%emt 0:05:19]} 14. Qb3 {[%emt 0:01:50]} Nxc3 {[%emt 0:02:19]} 15. bxc3 {[%emt 0:01:06]} Nd5 {[%emt 0:02:16]} 16. Bxe7 {[%emt 0:00:13]} Nxe7 {[%emt 0:00:46]} 17. Rfd1 {[%emt 0:00:50]} Qc7 {[%emt 0:00:47]} 18. Qa3 {[%emt 0:03:05]} Nc6 {[%emt 0:02:17]} 19. Bf3 {[%emt 0:00:57]} Nxd4 {[%emt 0:01:23]} 20. cxd4 {[%emt 0:00:15]} Qd7 {[%emt 0:01:31]} 21. d5 {[%emt 0:02:49]} exd5 {[%emt 0:02:11]} 22. Rxd5 {[%emt 0:00:09]} Qe6 {[%emt 0:01:10]} 1/2-1/2

[Event "EYCC Open-U16 2019"]
[Site "Bratislava"]
[Date "2019.08.09"]
[Round "8.44"]
[White "Sargsyan, Sargis Vach."]
[Black "Gomez Carreno, Martin"]
[Result "1-0"]
[WhiteElo "1923"]
[BlackElo "2078"]
[Annotator "NA"]
[PlyCount "81"]
[EventDate "2019.08.02"]
[EventType "swiss"]
[EventCountry "SVK"]
[SourceTitle "playchess.com"]
[Source "ChessBase"]
[SourceQuality "1"]
[TimeControl "40/5400+30:1800+30"]

1. d4 {[%emt 0:00:00]} c5 {[%emt 0:00:00]} 2. d5 {[%emt 0:00:00]} e5 {[%emt 0:00:00]} 3. e4 {[%emt 0:00:00]} d6 {[%emt 0:00:00]} 4. Nc3 {[%emt 0:00:00]} g6 {[%emt 0:00:20]} 5. Nf3 {[%emt 0:00:00]} Bg7 {[%emt 0:00:08]} 6. Bb5+ {[%emt 0:00:36]} Nd7 {[%emt 0:00:50]} 7. a4 {[%emt 0:00:07]} a6 8. Be2 {[%emt 0:00:06]} Ne7 {[%emt 0:06:47]} 9. O-O {[%emt 0:00:18]} O-O {[%emt 0:00:10]} 10. Nd2 {[%emt 0:00:19]} f5 {[%emt 0:03:54]} 11. Nc4 {[%emt 0:00:20]} Nb6 {[%emt 0:06:43]} 12. Nxb6 {[%emt 0:00:57]} Qxb6 {[%emt 0:00:02]} 13. exf5 {[%emt 0:00:09]} Bxf5 {[%emt 0:05:09]} 14. a5 {[%emt 0:01:11]} Qc7 {[%emt 0:01:52]} 15. Bd3 {[%emt 0:01:36]} Rae8 {[%emt 0:28:33]} 16. Be4 {[%emt 0:01:50]} Kh8 {[%emt 0:00:42]} 17. f3 {[%emt 0:01:11]} Ng8 {[%emt 0:01:49]} 18. Qd3 {[%emt 0:11:18]} Bh6 {[%emt 0:03:17]} 19. Bxh6 {[%emt 0:02:29]} Nxh6 {[%emt 0:00:02]} 20. Qe3 {[%emt 0:00:36]} Qg7 {[%emt 0:02:27]} 21. Ra3 {[%emt 0:03:46]} Ng8 {[%emt 0:03:18]} 22. g4 {[%emt 0:11:08]} Bc8 {[%emt 0:02:19]} 23. Rb3 {[%emt 0:04:52]} Nf6 {[%emt 0:01:34]} 24. Rb6 {[%emt 0:01:10]} Qe7 {[%emt 0:04:30]} 25. Qh6 {[%emt 0:05:37]} Nd7 {[%emt 0:02:55]} 26. Rb3 {[%emt 0:00:26]} Rf4 {[%emt 0:15:57]} 27. Ne2 {[%emt 0:01:07]} Rf7 {[%emt 0:01:08]} 28. g5 {[%emt 0:04:19]} Nf8 {[%emt 0:01:24]} 29. Ng3 {[%emt 0:03:40]} Bf5 {[%emt 0:02:13]} 30. Rb6 {[%emt 0:02:04]} Rd8 {[%emt 0:01:16]} 31. c4 {[%emt 0:01:45]} Bc8 {[%emt 0:02:58]} 32. h4 {[%emt 0:02:47]} Qd7 {[%emt 0:02:12]} 33. Kf2 {[%emt 0:01:20]} Rf4 {[%emt 0:00:59]} 34. Rh1 {[%emt 0:01:49]} Qg7 {[%emt 0:00:47]} 35. Qxg7+ {[%emt 0:00:29]} Kxg7 {[%emt 0:00:01]} 36. h5 {[%emt 0:02:36]} Rf7 {[%emt 0:00:39]} 37. hxg6 {[%emt 0:00:06]} hxg6 {[%emt 0:00:41]} 38. Rh6 {[%emt 0:00:04]} Rc7 {[%emt 0:00:52]} 39. Ke3 {[%emt 0:00:50]} Rf7 {[%emt 0:00:01]} 40. Bd3 {[%emt 0:00:00]} Rc7 {[%emt 0:00:00]} 41. Bxg6 1-0

[Event "EYCC Open-U16 2019"]
[Site "Bratislava"]
[Date "2019.08.09"]
[Round "8.45"]
[White "Silich, Yahor"]
[Black "Magold, Victor"]
[Result "1-0"]
[WhiteElo "2100"]
[BlackElo "1962"]
[Annotator "NA"]
[PlyCount "87"]
[EventDate "2019.08.02"]
[EventType "swiss"]
[EventCountry "SVK"]
[SourceTitle "playchess.com"]
[Source "ChessBase"]
[SourceQuality "1"]
[TimeControl "40/5400+30:1800+30"]

1. e4 {[%emt 0:00:00]} c5 {[%emt 0:00:00]} 2. Nf3 {[%emt 0:00:00]} e6 {[%emt 0:00:00]} 3. Nc3 {[%emt 0:00:00]} a6 {[%emt 0:00:43]} 4. g3 {[%emt 0:00:49]} Nc6 {[%emt 0:03:12]} 5. Bg2 {[%emt 0:01:48]} Nf6 {[%emt 0:07:04]} 6. O-O {[%emt 0:02:53]} d5 {[%emt 0:03:36]} 7. exd5 {[%emt 0:08:44]} Nxd5 {[%emt 0:01:28]} 8. Ne4 {[%emt 0:02:08]} Be7 {[%emt 0:08:24]} 9. d3 {[%emt 0:06:58]} O-O {[%emt 0:04:11]} 10. a4 {[%emt 0:07:37]} b6 {[%emt 0:12:13]} 11. Nfd2 {[%emt 0:14:22]} Bb7 {[%emt 0:04:15]} 12. Nc4 {[%emt 0:03:11]} Qc7 {[%emt 0:16:16]} 13. Bd2 {[%emt 0:07:01]} b5 {[%emt 0:09:36]} 14. Na3 {[%emt 0:01:47]} b4 {[%emt 0:07:02]} 15. Nc4 {[%emt 0:01:24]} Ne5 {[%emt 0:06:40]} 16. Qh5 {[%emt 0:09:01]} Nd7 {[%emt 0:05:59]} 17. Rfe1 {[%emt 0:02:28]} N7f6 {[%emt 0:01:16]} 18. Qe2 {[%emt 0:00:50]} Rfd8 {[%emt 0:02:37]} 19. a5 {[%emt 0:01:11]} Re8 {[%emt 0:02:10]} 20. Ng5 {[%emt 0:04:31]} Bd6 {[%emt 0:01:29]} 21. c3 {[%emt 0:05:16]} bxc3 {[%emt 0:00:38]} 22. bxc3 {[%emt 0:00:09]} h6 {[%emt 0:00:28]} 23. Ne4 {[%emt 0:01:34]} Be7 {[%emt 0:01:15]} 24. Rab1 {[%emt 0:01:07]} Bc6 {[%emt 0:00:31]} 25. f4 {[%emt 0:07:23]} Rab8 {[%emt 0:00:16]} 26. Ne5 {[%emt 0:05:29]} Ba8 {[%emt 0:00:18]} 27. c4 {[%emt 0:01:59]} Nxe4 {[%emt 0:00:47]} 28. Bxe4 {[%emt 0:00:08]} Nf6 {[%emt 0:00:11]} 29. Bxa8 {[%emt 0:00:14]} Rxa8 {[%emt 0:00:08]} 30. Qf3 {[%emt 0:01:32]} Rab8 {[%emt 0:00:35]} 31. Qc6 {[%emt 0:01:29]} Qxc6 {[%emt 0:01:11]} 32. Nxc6 {[%emt 0:00:01]} Ra8 {[%emt 0:00:31]} 33. Bc3 {[%emt 0:01:06]} Kf8 {[%emt 0:00:41]} 34. Rb7 {[%emt 0:00:20]} Bd6 {[%emt 0:00:27]} 35. Be5 {[%emt 0:00:32]} Bxe5 {[%emt 0:00:29]} 36. Nxe5 {[%emt 0:00:25]} Re7 {[%emt 0:00:16]} 37. Rxe7 {[%emt 0:01:23]} Kxe7 {[%emt 0:00:04]} 38. Rb1 {[%emt 0:00:03]} Ne8 {[%emt 0:01:29]} 39. Rb7+ {[%emt 0:00:05]} Kd8 {[%emt 0:00:19]} 40. Rxf7 {[%emt 0:00:00]} Kc8 {[%emt 0:00:00]} 41. Re7 {[%emt 0:03:53]} Nc7 {[%emt 0:03:54]} 42. Rxg7 {[%emt 0:02:47]} Kb7 {[%emt 0:00:43]} 43. Rh7 {[%emt 0:01:12]} Rb8 {[%emt 0:01:19]} 44. h4 1-0